| 000 | 00381nam a22001697a 4500 | ||
|---|---|---|---|
| 005 | 20160528095031.0 | ||
| 008 | 160528b xxu||||| |||| 00| 0 eng d | ||
| 020 | _a978-81-8398 | ||
| 041 | _aeng | ||
| 082 | _b5621 | ||
| 100 |
_aMitlal & Agarwal _91418 |
||
| 245 | _aMarketing Management | ||
| 260 | _bSanjeev Books | ||
| 300 | _a399 | ||
| 650 |
_aManagement _9241 |
||
| 942 | _cBK | ||
| 999 |
_c2008 _d2007 |
||